Statistics for Gilmore Girls Characters

Click here to take the quiz!

General Stats

  • This quiz has been taken 1,063 times
  • The average score is 8 of 15

Answer Stats

CluesAnswer% Correct
Got arrested for stealing a boatRory Gilmore
90%
Names a dog Paul AnkaLorelai Gilmore
82%
D.A.R. LadyEmily Gilmore
82%
All round handyman, Owns a diner tooLuke Danes
82%
Insurance Know-It-AllRichard Gilmore
73%
Christian by day, Drummer by nightLane Kim
69%
Mother to DaveySookie St. James
60%
Walmart Employee of the MonthJess Mariano
55%
Jumps off a ledge with an umbrellaLogan Huntzberger
45%
Speed dates and it's a successParis Geller
37%
The very first boyfriendDean Forester
34%
French ReceptionistMichel Gerard
21%
Jilted by LorelaiMax Medina
18%
Does every job going in Stars HollowKirk Gleason
14%
There's no business like show business!!Ms. Patty
8%

Score Distribution

Percentile by Number Answered

Percent of People with Each Score

Your Score History

You have not taken this quiz